<?xml version="1.0" encoding="UTF-8"?>
<record
    xmlns:xsi="http://www.w3.org/2001/XMLSchema-instance"
    xsi:schemaLocation="http://www.loc.gov/MARC21/slim http://www.loc.gov/standards/marcxml/schema/MARC21slim.xsd"
    xmlns="http://www.loc.gov/MARC21/slim">

  <leader>01043nam a2200253 a 4500</leader>
  <controlfield tag="001">81552</controlfield>
  <controlfield tag="003">BD-RjUL</controlfield>
  <controlfield tag="005">20230711125739.0</controlfield>
  <controlfield tag="008">230710s2010    bg a|||| m||| 00| 0 eng d</controlfield>
  <datafield tag="035" ind1=" " ind2=" ">
    <subfield code="a">(BD-RjUL)81552</subfield>
  </datafield>
  <datafield tag="040" ind1=" " ind2=" ">
    <subfield code="a">BD-RjUL</subfield>
    <subfield code="b">eng</subfield>
    <subfield code="c">BD-RjUL</subfield>
    <subfield code="d">BD-RjUL</subfield>
  </datafield>
  <datafield tag="041" ind1=" " ind2=" ">
    <subfield code="a">eng</subfield>
  </datafield>
  <datafield tag="082" ind1=" " ind2=" ">
    <subfield code="2">23</subfield>
    <subfield code="a">632.9517</subfield>
    <subfield code="b">KHC 2010</subfield>
  </datafield>
  <datafield tag="100" ind1=" " ind2=" ">
    <subfield code="a">KHATUN, REHENA</subfield>
    <subfield code="9">7956</subfield>
  </datafield>
  <datafield tag="245" ind1="1" ind2="0">
    <subfield code="a">COMBINED ACTION OF PYRETHROID INSECTICIDES AND AZADIRACHTIN ON TRIBOLIUM CASTANEUM (HERBST) /</subfield>
    <subfield code="c">By REHENA KHATUN ;</subfield>
    <subfield code="6">Supervisor: Md. Wahedul Islam, Co-Supervisor: KAM Shahadat Hossain Mondal</subfield>
  </datafield>
  <datafield tag="260" ind1=" " ind2=" ">
    <subfield code="a">Rajshahi :</subfield>
    <subfield code="b">Institute of Biological Sciences, University of Rajshahi,</subfield>
    <subfield code="c">2010.</subfield>
  </datafield>
  <datafield tag="300" ind1=" " ind2=" ">
    <subfield code="a">[7],v,[1],331 leaves :</subfield>
    <subfield code="b">ill.;</subfield>
    <subfield code="c">29 cm.</subfield>
  </datafield>
  <datafield tag="502" ind1=" " ind2=" ">
    <subfield code="a">Thesis(Ph.D)-- Institute of Biological Sciences,University of Rajshahi,2010</subfield>
  </datafield>
  <datafield tag="504" ind1=" " ind2=" ">
    <subfield code="a">Literature Cited : Leaves 180-263</subfield>
  </datafield>
  <datafield tag="650" ind1=" " ind2=" ">
    <subfield code="a">Diseases</subfield>
    <subfield code="x">Insecticidal Plants</subfield>
    <subfield code="9">7957</subfield>
  </datafield>
  <datafield tag="700" ind1=" " ind2=" ">
    <subfield code="a">Islam, Md. Wahedul, Supervisor   </subfield>
    <subfield code="9">3105</subfield>
  </datafield>
  <datafield tag="700" ind1=" " ind2=" ">
    <subfield code="a">Mondal, KAM Shahadat Hossain, Co-Supervisor </subfield>
    <subfield code="9">7958</subfield>
  </datafield>
  <datafield tag="942" ind1=" " ind2=" ">
    <subfield code="2">ddc</subfield>
    <subfield code="c">THE</subfield>
  </datafield>
  <datafield tag="999" ind1=" " ind2=" ">
    <subfield code="c">81552</subfield>
    <subfield code="d">81552</subfield>
  </datafield>
  <datafield tag="952" ind1=" " ind2=" ">
    <subfield code="1">0</subfield>
    <subfield code="2">ddc</subfield>
    <subfield code="4">0</subfield>
    <subfield code="7">1</subfield>
    <subfield code="8">THESES</subfield>
    <subfield code="a">RUCL</subfield>
    <subfield code="b">RUCL</subfield>
    <subfield code="c">Doc/The</subfield>
    <subfield code="d">2011-05-26</subfield>
    <subfield code="e">Controller of Exam. R.U.</subfield>
    <subfield code="l">0</subfield>
    <subfield code="o">THE 632.9517 KHC 2010</subfield>
    <subfield code="p">D3219</subfield>
    <subfield code="r">2023-07-10 00:00:00</subfield>
    <subfield code="t">C-1</subfield>
    <subfield code="y">THE</subfield>
  </datafield>
</record>
